Normal view
MARC view
- Barceló Rojas, Daniel Armando
Entry Nombre Personal
001 - NUMERO DE CONTROL
- campo de control: 41305
003 - IDENTIFICADOR DE NUMERO DE CONTROL
- campo de control: UPN
005 - FECHA Y HORA DE LA ÜLTIMA TRANSACCIÓN
- campo de control: 20210219194606.0
008 - DATOS DE LONGITUD FIJA
- campo de control de longitud fija: nabaccnnaabn|||||||||| b |nc|||||d
035 ## - NUMERO DE CONTROL
- Número de control: UPN11000013412
040 ## - FUENTE DE CATALOGACIÓN
- Lenguaje de catalogación: SPA
- Agencia de transcripción: UPN
100 1# - ENCABEZAMIENTO - NOMBRE PERSONAL
- Nombre personal: Barceló Rojas, Daniel Armando
400 1# - VEÁSE - NOMBRE DE PERSONA
- Personal name: Barceló Rojas, Daniel A.
670 ## - FUENTE EN LA QUE SE LOCALIZARON DATOS
- Cita de la fuente: LC
680 ## - NOTA PUBLICA DE ACCESO PÚBLICO
- Frase explicativa de la referencia: Abogado mexicano y profesor-investigador del Instituto de Investigaciones Jurídicas de la UNAM
902 ## - CATALOGADOR
- Catalogador: CAA/040518
